000 00409nam a22001697a 4500
005 20160429142551.0
008 160429b xxu||||| |||| 00| 0 eng d
020 _a978-81-317-1670-0
041 _aeng
082 _b00904
100 _aSheikh Arib Fatima Kaniz
_9253
245 _aRetail Management
260 _aDelhi
_bDorling kindersley
_c2008
300 _a681
650 _aManagement
_9241
942 _cBK
999 _c292
_d292